ويكيليكس .. وما أدراك ما ويكيليكس !! : (رقم التسجيلة. 132621)

تفاصيل مارك
000 -الفاتح
عناصر البيانات ثابتة الطول 01012cam a2200217 i 4500
005 - تاريخ ووقت آخر معاملة
حقل ضبط 20251108175355.0
008 - عناصر البيانات ثابتة الطول
عناصر البيانات ثابتة الطول 250721s2011 sy gr 000 0 ara d
020 ## - الترقيم الدولي المعياري للكتب (ردمك)
الترقيم الدولي المعياري للكتب (ردمك) 9789773766236
082 14 - رقم تصنيف ديوي العشري
رقم التصنيف 070.57973
رقم المادة ك ا م
100 1# - مدخل رئيسي – اسم شخصي
الاسم الشخصي كامل، مجدي
علاقة الشخص بالعمل/ دوره معد.
245 10 - بيان العنوان
العنوان ويكيليكس .. وما أدراك ما ويكيليكس !! :
بقية العنوان مؤامرة أمريكية مكشوفة وصفقة إسرائيلية مشبوهة !! مأدبة ويكيليكس حوت كل ما لذ وطاب فأين الصهاينة من المأدبة !! /
بيان المسؤولية مجدي كامل.
250 ## - بيان الطبعة
بيان الطبعة الطبعة الأولى.
264 1# - بيانات النشر، التوزيع…إلخ
مكان النشر، التوزيع...إلخ دمشق،
-- القاهرة :
اسم الناشر، الموزع...إلخ دار الكتاب العربي،
تاريخ النشر، التوزيع...إلخ 2011.
300 ## - الوصف المادي
عدد الوحدات المكونة للوعاء 464 صفحة.
650 17 - مدخل إضافي بالموضوع - مصطلح موضوعي
مصطلح موضوعي أو اسم جغرافي كعنصر مدخل الشبكة العنكبوتية العالمية.
650 17 - مدخل إضافي بالموضوع - مصطلح موضوعي
مصطلح موضوعي أو اسم جغرافي كعنصر مدخل سرية الإتصالات السلكية واللاسلكية.
650 17 - مدخل إضافي بالموضوع - مصطلح موضوعي
مصطلح موضوعي أو اسم جغرافي كعنصر مدخل الأسرار الرسمية.
650 17 - مدخل إضافي بالموضوع - مصطلح موضوعي
مصطلح موضوعي أو اسم جغرافي كعنصر مدخل ويكيليكس.
942 ## - بيانات إضافية (كوها)
نوع التنصيف Dewey Decimal Classification
نوع المادة (كوها) كتب
المقتنيات
حالة السحب حالة الفقدان مصدر التصنيف حالة التلف غير قابل للإعارة المكتبة الرئيسية المكتبة الحالية موقع الرف تاريخ التزويد الرقم المتسلسل Total Checkouts رقم الإستدعاء الباركود تاريخ آخر ظهور تاريخ الفاتورة نوع المادة (كوها) العملة
    Dewey Decimal Classification     المكتبة المركزية المكتبة المركزية الإعارة 28/07/2025 1613946   070.57973 / ك ا م PLD00353790 28/07/2025 28/07/2025 كتب  
    Dewey Decimal Classification     المكتبة المركزية المكتبة المركزية الإعارة 30/10/2025 1643756   070.57973 ك ا م PLD00395140 30/10/2025 30/10/2025 كتب JOD
Implemented & Customized by: BBB with SCIT (Smart Chains for Information Technology)

Powered by Koha